MARC details
| 000 -LEADER |
| fixed length control field |
01799cam a2200421 i 4500 |
| 001 - CONTROL NUMBER |
| control field |
23319391 |
| 003 - CONTROL NUMBER IDENTIFIER |
| control field |
OCoLC |
| 005 - DATE AND TIME OF LATEST TRANSACTION |
| control field |
20260410152901.0 |
| 007 - PHYSICAL DESCRIPTION FIXED FIELD--GENERAL INFORMATION |
| fixed length control field |
t| |
| 008 - FIXED-LENGTH DATA ELEMENTS--GENERAL INFORMATION |
| fixed length control field |
260701s2023 txu 001 0 eng d |
| 010 ## - LIBRARY OF CONGRESS CONTROL NUMBER |
| LC control number |
2023946772 |
| 020 ## - INTERNATIONAL STANDARD BOOK NUMBER |
| International Standard Book Number |
9798985242942 |
| Qualifying information |
paperback |
| 020 ## - INTERNATIONAL STANDARD BOOK NUMBER |
| Canceled/invalid ISBN |
9798985242959 |
| Qualifying information |
ebook |
| 035 ## - SYSTEM CONTROL NUMBER |
| System control number |
(OCoLC)on1432533738 |
| 040 ## - CATALOGING SOURCE |
| Original cataloging agency |
AU@ |
| Language of cataloging |
eng |
| Description conventions |
rda |
| Transcribing agency |
AU@ |
| Modifying agency |
OCLCO |
| -- |
OCLCQ |
| -- |
DLC |
| -- |
DLC-MRC |
| -- |
DLC |
| 041 ## - LANGUAGE CODE |
| Language code of text/sound track or separate title |
eng |
| 042 ## - AUTHENTICATION CODE |
| Authentication code |
lccopycat |
| 050 00 - LIBRARY OF CONGRESS CALL NUMBER |
| Classification number |
HM1126 |
| Item number |
.C556 2023 |
| 100 1# - MAIN ENTRY--PERSONAL NAME |
| Personal name |
Cloke, Ken, |
| 245 14 - TITLE STATEMENT |
| Title |
The magic in mediation : |
| Remainder of title |
a search for symmetries, metaphors and scale-free practices / |
| Statement of responsibility, etc. |
Kenneth Cloke. |
| 264 #1 - PRODUCTION, PUBLICATION, DISTRIBUTION, MANUFACTURE, AND COPYRIGHT NOTICE |
| Place of production, publication, distribution, manufacture |
[Dallas, TX] : |
| Name of producer, publisher, distributor, manufacturer |
GoodMedia Press, |
| Date of production, publication, distribution, manufacture, or copyright notice |
[2023]. |
| 300 ## - PHYSICAL DESCRIPTION |
| Extent |
xxiv, 519 pages |
| Other physical details |
illustrations |
| Dimensions |
23 cm |
| 336 ## - CONTENT TYPE |
| Content type term |
text |
| Content type code |
txt |
| Source |
rdacontent |
| 337 ## - MEDIA TYPE |
| Media type term |
unmediated |
| Media type code |
n |
| Source |
rdamedia |
| 338 ## - CARRIER TYPE |
| Carrier type term |
volume |
| Carrier type code |
nc |
| Source |
rdacarrier |
| 353 ## - SUPPLEMENTARY CONTENT CHARACTERISTICS |
| Supplementary content term |
index |
| Supplementary content code |
index |
| Authority record control number or standard number |
http://id.loc.gov/vocabulary/msupplcont/index |
| 504 ## - BIBLIOGRAPHY, ETC. NOTE |
| Bibliography, etc. note |
Includes index. |
| 520 ## - SUMMARY, ETC. |
| Summary, etc. |
"This book will examine a few of the sources of magic in mediation and the transformational skills and transcendent techniques that allow us to move beyond conciliation and compromise to collaboration and consensus and beyond settlement to resolution, forgiveness, reconciliation, and prevention"-- Provided by publisher. |
| 650 #0 - SUBJECT ADDED ENTRY--TOPICAL TERM |
| Topical term or geographic name entry element |
Conflict management. |
| 650 #0 - SUBJECT ADDED ENTRY--TOPICAL TERM |
| Topical term or geographic name entry element |
Mediation |
| General subdivision |
Psychological aspects. |
| 650 #0 - SUBJECT ADDED ENTRY--TOPICAL TERM |
| Topical term or geographic name entry element |
Mediation. |
| 650 #0 - SUBJECT ADDED ENTRY--TOPICAL TERM |
| Topical term or geographic name entry element |
Interpersonal communication. |
| 758 ## - RESOURCE IDENTIFIER |
| Real World Object URI |
http://id.loc.gov/resources/instances/23319391 |
| 758 ## - RESOURCE IDENTIFIER |
| Relationship |
http://id.loc.gov/ontologies/bibframe/instanceOf |
| Real World Object URI |
http://id.loc.gov/resources/works/23319391 |
| 884 ## - DESCRIPTION CONVERSION INFORMATION |
| Conversion process |
DLC bibframe2marc v3.1-dev |
| Conversion date |
20260107 |
| Conversion agency |
DLC |
| Uniform Resource Identifier |
https://github.com/lcnetdev/bibframe2marc/tree/v3.1-dev |
| 942 ## - ADDED ENTRY ELEMENTS (KOHA) |
| Source of classification or shelving scheme |
Library of Congress Classification |
| Koha item type |
Books |
| Suppress in OPAC |
No |